header

Responding to healthcare reform (Record no. 222463)

MARC details
000 -LEADER
fixed length control field 01776nam a2200361 a 4500
082 04 - DEWEY DECIMAL CLASSIFICATION NUMBER
Classification number 344.7303/210425
100 1# - MAIN ENTRY--AUTHOR NAME
Personal name McLaughlin, Daniel B.,
245 10 - TITLE STATEMENT
Title Responding to healthcare reform
260 ## - PUBLICATION, DISTRIBUTION, ETC. (IMPRINT)
Place of publication Chicago, Ill. :
Name of publisher Health Administration Press,
Year of publication c2011.
300 ## - PHYSICAL DESCRIPTION
Number of Pages xiii, 169 p. :
Other physical details ill.
490 1# - SERIES STATEMENT
Series statement ACHE management series
505 0# - FORMATTED CONTENTS NOTE
Formatted contents note The theories of the ACA -- Chronic disease management and primary care -- Productivity and quality -- Prevention and wellness -- Systems view scenarios -- Payment incentives -- The safety net -- Funds flow scenarios -- The perfect market : health insurance reform -- Market scenarios -- The future.
650 #0 - SUBJECT ADDED ENTRY--TOPICAL TERM
Topical Term Health insurance
Topical Term Health care reform
856 40 - ELECTRONIC LOCATION AND ACCESS
Uniform Resource Identifier http://site.ebrary.com/lib/rucke/Doc?id=10478023

No items available.

© 2026 Rongo University
Contact us: librarian | system librarian | Rongo university